| 000 | 00474nam a2200169Ia 4500 | ||
|---|---|---|---|
| 999 |
_c15198 _d15198 |
||
| 003 | OSt | ||
| 005 | 20201116123315.0 | ||
| 008 | 190216s9999||||xx |||||||||||||| ||und|| | ||
| 040 | _coclc | ||
| 082 |
_a423 _bFUN/S |
||
| 100 |
_aFunk, Wilfred _96614 |
||
| 245 | 0 |
_aSix Weeks To Words Of Power / _cWilfred Funk |
|
| 250 | _a3rd Ed. | ||
| 260 |
_bGoyal Saab Jawahar Nagar, _c1994. _aDelhi; |
||
| 300 | _a278p | ||
| 942 |
_cBK _2ddc _h423 _iFUN/W _k423 _mFUN/W |
||